000 00194nam a2200073Ia 4500
008 170817s9999 xx 000 0 und d
100 _aUpraiti.Mishrilal
245 0 _aGanit Evam Uska Shikshan
260 _bAgarwal Prakashan Agara
999 _c39393
_d39393